Statystyki dla Do jakiego europejskiego państwa należy to miasto? cz.3

Kliknij tutaj aby rozwiązać quiz!

Ogólne statystyki

  • Ten quiz został rozwiązany 197 razy
    (111 od ostatniego zresetowania)
  • Średni wynik to 7 z 10

Statystyki odpowiedzi

miastopaństwo% Poprawnych
PodgoricaCzarnogóra
88%
SplitChorwacja
85%
BielefeldNiemcy
81%
GenewaSzwajcaria
81%
VigoHiszpania
77%
TrnawaSłowacja
64%
MariborSłowenia
61%
Kluż-NapokaRumunia
59%
LarnakaCypr
52%
TampereFinlandia
39%

Rozkład punktacji

Percentyl według liczby udzielonych odpowiedzi

Procent ludzi z każdym wynikiem

Twoja historia wyników

Nie rozwiązałeś tego quizu od ostatniego zresetowania